| 000 | 02297cmmaa2200433 i 4500 | ||
|---|---|---|---|
| 001 | 768714001 | ||
| 003 | CO-MdFUSB | ||
| 005 | 20250731105552.0 | ||
| 006 | a|||||o|||| 00| 0 | ||
| 007 | ca b||ancaacaa | ||
| 008 | 160603t2015 ck ||||fsm||| 00| 0 spa d | ||
| 040 |
_aCO-MdFUSB _bEspañol _cCO-MdFUSB _dCO-MdFUSB |
||
| 041 | _aspa | ||
| 043 | _ack | ||
| 084 | _aT CD0058 | ||
| 100 |
_aHernández Nassif, Lina _eautor |
||
| 245 | 3 |
_aLa monarquía como institución generadora de violencia _b: un estudio de 1 Samuel 8 _c/ Lina Hernández Nassif , Christian Zárate Granados ; asesorado por Milton Acosta _h[electrónico] |
|
| 264 | 0 |
_aMedellín, Colombia : _bFUSBC, _c[2015] |
|
| 300 |
_a58 páginas _fpdf |
||
| 336 |
_atexto _2rdacontent _btxt |
||
| 337 |
_2rdamedia _ainformático _bc |
||
| 338 |
_2rdacarrier _avolumen _bcr |
||
| 502 |
_aTrabajo de grado - _bTeología _c(Fundación Universitaria Seminario Bíblico de Colombia), _d2015 |
||
| 504 | _aBiografía: (páginas 55-58) | ||
| 505 | _a- Aspectos históricos y literarios de 1 Samuel 8 - De la Teocracia a la Monarquía - La monarquía como sistema de gobierno opresor - Teología del relato de 1 Samuel 8 - El Mesías como alternativa de un reinado justo - Aplicación del relato para Colombia. | ||
| 506 |
_aPréstamo interno _bSala de lectura _dAcceso desde el repositorio institucional |
||
| 520 |
_aEsta investigación procura observar cómo la monarquía de Israel ha sido un agente promotor de injusticia y violencia, a la luz de 1 Samuel 8, texto en el que se relata el inicio de este sistema de gobierno en ese pueblo. De igual manera se observa cómo es que el pueblo colombiano no es ajeno a esa realidad y de cómo los líderes gobernantes, con la etiqueta de justicia, traen más injusticia a la nación. _cTrabajo en formato CD |
||
| 535 | _aRecurso en REPCI | ||
| 630 | 7 |
_aBiblia. _pNuevo Testamento _xCrítica, interpretación, etc. |
|
| 630 | 7 |
_aBiblia. _pNuevo Testamento _xTeología |
|
| 630 | 0 | 7 |
_aBiblia. _pSamuel, 1ª |
| 650 | 7 |
_9405 _aSociología cristiana |
|
| 650 | 7 |
_9280 _aDios _xJusticia |
|
| 653 | _a1ª de Samuel 8 | ||
| 700 |
_992 _aZárate Granados, Christian _eautor |
||
| 700 |
_993 _aAcosta, Milton _easesor |
||
| 856 |
_aREPCI _uhttps://repositorio.repci.co/handle/123456789/155 |
||
| 942 | _cTG | ||
| 999 |
_c63719 _d63719 |
||